banner koha

Perfil de progesterona em novilhas com diferente atividade luteal e tratadas com implantes vaginais (Registro n. 259144)

MARC details
000 -LÍDER
campo de controle de tamanho fixo 01019nas a2200301 4500
001 - NÚMERO DE CONTROLE
campo de controle BR2022000172
003 - IDENTIFICADOR DO NÚMERO DE CONTROLE
campo de controle BR-BrBNA
005 - DATA E HORÁRIO DA ÚLTIMA TRANSAÇÃO
campo de controle 20231205132225.0
007 - CAMPO FIXO DE DESCRIÇÃO FÍSICA--INFORMAÇÃO GERAL
campo de controle de tamanho fixo ta
008 - CAMPO DE DADOS FIXOS--INFORMAÇÃO GERAL
campo de controle de tamanho fixo 230509b bl.|||p| |||| 00| 00por d
040 ## - FONTE DA CATALOGAÇÃO
Instituição da catalogação original BR-BrBNA
Idioma da catalogação por
Instituição que transcreveu o registro Biblioteca Nacional de Agricultura
041 ## - CÓDIGO DE IDIOMA
Código do idioma do texto/trilha sonora ou título diferente (Pt)
072 ## - CÓDIGO DE CATEGORIA DE ASSUNTO
Código de Categoria de Assunto L53
100 1# - ENTRADA PRINCIPAL--NOME PESSOAL
Nome pessoal Neri, H.L.D.
100 1# - ENTRADA PRINCIPAL--NOME PESSOAL
Nome pessoal Fernandes, C.A.C.
100 1# - ENTRADA PRINCIPAL--NOME PESSOAL
Nome pessoal Palhão, M.P.
100 1# - ENTRADA PRINCIPAL--NOME PESSOAL
Nome pessoal Rossi, J.R.
100 1# - ENTRADA PRINCIPAL--NOME PESSOAL
Nome pessoal Varago, F.C.
245 1# - TÍTULO
Título Perfil de progesterona em novilhas com diferente atividade luteal e tratadas com implantes vaginais
650 ## - ASSUNTO--TERMO TÓPICO
Cabeçalho tópico ou nome geográfico NOVILHO
650 ## - ASSUNTO--TERMO TÓPICO
Cabeçalho tópico ou nome geográfico REPRODUÇÃO ANIMAL
650 ## - ASSUNTO--TERMO TÓPICO
Cabeçalho tópico ou nome geográfico INSEMINAÇÃO ARTIFICIAL
650 ## - ASSUNTO--TERMO TÓPICO
Cabeçalho tópico ou nome geográfico PROGESTERONA
773 0# - ENTRADA ANALÍTICA
Título Arquivo Brasileiro de Medicina Veterinária e Zootecnia (Brazil)
ISSN - International Standard Serial Number ISSN 1678-4162
Partes relacionadas (Mar-Apr 2015), v. 67(2) p. 405-410
Número de controle do registro BR2022000172
856 40 - LOCALIZAÇÃO ELETRÔNICA E ACESSO
Uniform Resource Identifier <a href="https://www.scielo.br/j/abmvz/a/myHLjZzYgJmwCYf4L33hGRB/?format=pdf<br/>lang=pt">https://www.scielo.br/j/abmvz/a/myHLjZzYgJmwCYf4L33hGRB/?format=pdf<br/>lang=pt</a>
909 ## -
-- 202311
-- Lúcia
-- 55
-- Lúcia Elande
942 ## - ELEMENTOS DE ENTRADA ADICIONADOS (KOHA)
Fonte da classificação ou esquema de arquivamento na estante Classificação AGRIS
Ocultar no OPAC Não
Tipo de material Koha Analítica
Exemplares
Situação do descarte Fonte da classificação ou esquema de arquivamento na estante Situação física Não pode ser emprestado Biblioteca de origem Biblioteca atual Localização na estante Enumeração do periódico / cronologia Total de empréstimos Data de último acesso Número do exemplar Tipo de material Koha Fonte de aquisição
  Classificação AGRIS   Consulta local Biblioteca Nacional de Agricultura - Binagri Biblioteca Nacional de Agricultura - Binagri   (Mar-Apr 2015), v. 67(2) p. 405-410   29/11/2023 01 Periódicos Portaria Interministerial nº 164/94

BINAGRI

Telefone: (61)3218-2567/2388/3357/2097 - binagri@agro.gov.br

Ministério da Agricultura e Pecuária , Esplanada dos Ministérios, Bloco D, Anexo B, Brasília/DF, CEP: 70.043-900